000 00642nam a2200253Ia 4500
005 20250425162554.0
008 250425s9999 xx 000 0 und d
020 _a0719007577
041 _aeng
082 _a004.165
100 _aHARTLEY, MICHAEL G.
245 0 _aTHE CHALLENGE OF MICROPROCESSORS
250 _aS.E.
260 _aMANCHESTER
260 _aReino Unido
_bMANCHESTER UNIVERSITY PRESS
_c1979
300 _a202
650 _aCOMPUTACION
650 _aINGENIERIA-EXPERIMENTOS
650 _aMICROPROCESADORES
650 _aSISTEMAS MICROPROGRAMABLES
700 _aBUCKLEY, ANNE
942 _c01
010 _a86429
999 _c231984
_d231984